00482cam a2200181ua 450000500170000000800390001704000090005604100080006508200180007324500400009125000090013126000560014030000170019665000240021365300190023765300200025670000240027620250218073327.0120127n ii |||gr||||Z||||||asm cMAIN dasm a891.4512bSAN11aSankardevar natced. by Mahim Bora  a1st. aGuahati:bSecretary publication board assam,c1989. a342p:c23cm. aDrama of Sankardeva aAssamese drama aSankardevar nat aBora, MahimeEditor